LIBRARY & INFORMATION CENTRE, KCAET, TAVANUR

ONLINE PUBLIC ACCESS CATALOGUE (OPAC)

IBM dictionary of computing / (Record no. 9870)

MARC details
000 -LEADER
fixed length control field 00435cam a2200169ua 4500
020 ## - INTERNATIONAL STANDARD BOOK NUMBER
ISBN 0-07-0113383-6
041 ## - LANGUAGE CODE
Language code of text/sound track or separate title eng
082 ## - DEWEY DECIMAL CLASSIFICATION NUMBER
Classification number 028.73004
Item number MCD/IB
100 ## - MAIN ENTRY--AUTHOR NAME
Personal name McDaniel, George .
245 00 - TITLE STATEMENT
Title IBM dictionary of computing /
250 ## - EDITION STATEMENT
Edition statement 1 /
260 ## - PUBLICATION, DISTRIBUTION, ETC. (IMPRINT)
Place of publication New York :
Name of publisher McGraw Hill Book Company ,
Year of publication 1994.
300 ## - PHYSICAL DESCRIPTION
Number of Pages 758 ; .
942 ## - ADDED ENTRY ELEMENTS (KOHA)
Koha item type Books
Holdings
Withdrawn status Lost status Damaged status Home library Current library Date acquired Full call number Accession Number Koha item type
      KAUAET KAUAET 07/04/2012 028.73004 18403 Reference
free website counter